000 00515nam a2200193Ia 4500
005 20231107100635.0
008 131103s9999 xx 000 0 und d
020 _a140114777
_cRs.55
040 _aLoreto College
041 _aEnglish
082 _aF
_bSAH
100 _aSahni,Bhisham
245 _aTamas
_b (Darkness)
_cBhisham Sahni,translated from the Hindi by Jai Ratan
260 _aNew York
_bPenguin Books
_c1974
300 _a236 p.
650 _aFiction in English
850 _aLCLIB
942 _cBK
999 _c15642
_d66121